000 00301 a2200157 4500
001 44571
020 _a
040 _cAnchieta - Aquarius
100 _aDonato, João
240 1 0 _aA paz
_lpor
245 1 0 _aA paz
300 _a24
362 0 _a2005
650 4 _aLiteratura infantil
942 _cBK
999 _c44571
_d44571